Vztah vývoje regionální diferenciace a hospodářského cyklu: teoretická diskuse a empirický důkaz ( na příkladu vybraných států Evropské unie)
Analýza vzťahu medzi cyklickým vývojom agregátnej ekonomiky a zmenami vo vývoji regionálnej diferenciácie ekonomiky. Empirická analýza na príklade piatich vybraných štátov Európskej únie.
Salvato in:
| Autore principale: | |
|---|---|
| Natura: | Capitolo di libro |
| Lingua: | ceco |
| Soggetti: | |
| Tags: |
Nessun Tag, puoi essere il primo ad aggiungerne!!
|
MARC
| LEADER | 00000naa$a2200000$$$4500 | ||
|---|---|---|---|
| 001 | 0070206 | ||
| 005 | 20231102111338.8 | ||
| 041 | 0 | |a cze | |
| 044 | |a SK | ||
| 245 | 1 | 0 | |a Vztah vývoje regionální diferenciace a hospodářského cyklu: teoretická diskuse a empirický důkaz ( na příkladu vybraných států Evropské unie) |c Josef Hůlka |
| 520 | |a Analýza vzťahu medzi cyklickým vývojom agregátnej ekonomiky a zmenami vo vývoji regionálnej diferenciácie ekonomiky. Empirická analýza na príklade piatich vybraných štátov Európskej únie. | ||
| 610 | 2 | 0 | |a cykly hospodárske |
| 610 | 2 | 0 | |a analýza ekonomická |
| 610 | 2 | 0 | |a Európska únia |
| 610 | 2 | 0 | |a vývoj regionálny |
| 610 | 2 | 0 | |a disparita |
| 100 | 1 | |a Hůlka, Josef | |